004290000a22001330004500090001700000245009000017041001400107700002700121700003700148100003800185942001300223773004200236999001700278 aASbSeriadas10aRelaciones ecológicas de las aves en la reserva forestal de Yotoco, Valle del Cauca0 aEspañol1 aRaitt, Ralph J.9956921 aAlvarez López, Humberto9127141 aOrejuela Gartner, Jorge E.999475 cARTICULO1 tCespedesia3124h29-30q7-28d1979g8 c15051d15051